000 00310nam a22001337a 4500
082 _a617.632 ,E14R
100 _aREDDY,SHANTIPRIYA
245 _aMANUAL OF CLINICAL PERIODONTOLOGY
250 _a2ND
260 _aDELHI
_bJAYPEE BROTHERS
_c2014
300 _a176
650 _aPERIODONTOLOGY
942 _2ddc
_cBK
_03
999 _c9807
_d9807